Maliari Doboš a Fedora

Bibliographic Details
Main Author: Fuchs, Juraj (Author)
Format: Article
Language:Slovak
Subjects:

MARC

LEADER 00000nab a2200000 ar4500
001 vtls009477106
003 SK-MaSNL
005 20260305024051.0
008 090225c19730130xo |r|p|||||||000 b|slo
015 |a SNBRB1973 
038 |a SNKBUCL 
040 |a SNKBUCL  |b slo  |c SNKBUCL  |e AACR2 
041 |a slo 
044 |a xo  |c SK 
080 |a 75.071.1  |2 1997 
100 1 |a Fuchs, Juraj  |4 aut  |9 5052 
245 1 0 |a Maliari Doboš a Fedora  |c Juraj Fuchs 
600 1 7 |a Doboš, Andrej,  |d 1911-1997  |2 snkbucl  |9 249975 
600 1 7 |a Fedor, Jozef,  |d 1910-1975  |2 snkbucl  |9 1038512 
650 0 7 |a výtvarníci  |2 snkbucl  |9 118705 
655 7 |a články  |2 snkbucl  |9 70601 
773 0 |t Práca  |g (30.1.1973), s. 6 
852 |a SNK  |b KIS3GCP 
958 |a BX 
999 |c 3300608  |d 3302538